000 00760cam a2200205 4500
001 WB3602-18
008 000000n2000 000 0 eng u
035 _a(Sirsi) u103505
245 _aNew lettings scheme
260 _c2000
490 _aIndependent
_v8 January 2000, 3.7(2)
520 _aThe National Approved Lettings Scheme (NALS) is proving to be a successful means of regulating the private rented sector. Within 3 days of its launch 800 agents had applied to join and government has just announced funding to raise public awareness.
590 _aWB
650 _aNALS
650 _aPRIVATE RENTED SECTOR
650 _aNATIONAL APPROVED LETTINGS SCHEME
650 _aLETTING AGENTS
690 _aHOUSING-PRIVATE RENTED SECTOR
942 _n0
999 _c62182
_d62182